| 000 | 01573nam a2200349 4500 | ||
|---|---|---|---|
| 001 | 0000013145 | ||
| 003 | CO-CtgCURN | ||
| 005 | 20260318193111.0 | ||
| 007 | ta | ||
| 008 | 160627s1988 000 0 eng d | ||
| 020 | _a8471123207 | ||
| 040 |
_aCO-CtgCURN _bspa _ccoctgcurn |
||
| 082 | 0 |
_a370.7 _bG63e |
|
| 100 | 1 | _aGoetz, J. P. | |
| 245 | 1 | 0 |
_aEtnografia y diseño cualitativo en Investigación educativa / _cJ. P. Goetz , M. D. Le Compte , traducción Antonio Ballesteros. |
| 260 |
_aMadrid : _bEdiciones Morata, _c1988. |
||
| 300 | _a279 p. | ||
| 336 | _2rdacontent | ||
| 337 |
_2rdamedia _asin mediacion _bn |
||
| 338 |
_2rdacarrier _avolumen _bnc |
||
| 490 | 1 | _aColección Pedagogia Manuales | |
| 500 | _aIncluye indice de Autores y de Materias. | ||
| 504 | _aBibliografia (p. 248-268) | ||
| 505 | 8 | _aLa Investigación etnografica y la reconstrucción critica en educación.--Caracteristicas y origenes de la etnografia educativa.--Conceptualizacion del proceso de Investigación: teoria y diseño.--Selección y muestreo el comienzo de la Investigación etnografica.--El rol de la etnografo.--Estrategias de recogida de datos.--Análisis e interpretacion de los datos.--Evaluacion del diseño etnografico | |
| 590 | _aEtnografía médica (Odontología) | ||
| 650 | 1 | 4 |
_aEtnología educativa _vMetodología. |
| 700 | 1 | _aBallesteros, Antonio, tr. | |
| 908 | _a160627 | ||
| 942 |
_cBK _h370.7 _iG63e _2ddc |
||
| 999 |
_c35298 _d35298 |
||